| 000 | 00424nam a2200157 a 4500 | ||
|---|---|---|---|
| 001 | 8602 | ||
| 005 | 20180713192540.0 | ||
| 008 | 140415s1988 000 0 spa d | ||
| 041 | _aspa | ||
| 082 |
_a336.343598 _bKUC |
||
| 100 | 1 | _aKUCZYNSKI, PEDRO-PABLO | |
| 245 | 1 | 0 | _aLATIN AMERICAN DEBT |
| 260 |
_a[s.l.] : _bTWENTIETH CENTURY FUND, _c1988 |
||
| 300 | _a258 | ||
| 650 | 1 | 4 |
_aDEUDA EXTERIOR _xAMERICA LATINA |
| 999 |
_c8602 _d8602 |
||